000 00951cam a2200205 4500
001 WB3915-22
008 030423n2003 000 0 eng u
035 _a(Sirsi) u122065
245 _aNew Country Code proposed
260 _c2003
490 _aCountryside Focus
_v (25) April/May 2003, 3(1)
520 _aThe Countryside Agency and the Countryside Council for Wales are working on a new Country Code. These organisations now have a duty to inform people about their rights and responsibilities and provide guidance. Individuals and organisations are to be asked their opinions through a consultation paper, which will appear on their respective websites. Copies will be available from t +44 (0)1242 521381 or http://www.countryside.gov.uk/index.htm
590 _aWB
650 _aCOUNTRY CODE
650 _aCROW ACT
650 _aCOUNTRYSIDE AND RIGHTS OF WAY ACT 2000
650 _aRIGHTS OF WAY
690 _aRural
_96268
942 _n0
999 _c72529
_d72529